BIBLIOTECA

SENCICO

Tecnología de materiales 26 (Registro nro. 806)

Detalles MARC
000 -LEADER
fixed length control field 00908nam a2200337Ia 4500
005 - DATE AND TIME OF LATEST TRANSACTION
control field 20251020182449.0
008 - FIXED-LENGTH DATA ELEMENTS--GENERAL INFORMATION
fixed length control field 200515s9999 xx 000 0 und d
020 ## - INTERNATIONAL STANDARD BOOK NUMBER
International Standard Book Number 978-84-975665-3-7
082 ## - DEWEY DECIMAL CLASSIFICATION NUMBER
Classification number 620.173/P91
100 ## - MAIN ENTRY--PERSONAL NAME
Personal name Casals Bustos José Manuel [eds.]
100 ## - MAIN ENTRY--PERSONAL NAME
Personal name Castro Corella, Miguel
100 ## - MAIN ENTRY--PERSONAL NAME
Personal name Puértolas Ráfales, José Antonio
100 ## - MAIN ENTRY--PERSONAL NAME
Personal name Ríos Jordana, Ricardo
245 #0 - TITLE STATEMENT
Title Tecnología de materiales 26
260 ## - PUBLICATION, DISTRIBUTION, ETC.
Place of publication, distribution, etc. Madrid
260 ## - PUBLICATION, DISTRIBUTION, ETC.
Name of publisher, distributor, etc. SÍNTESIS
260 ## - PUBLICATION, DISTRIBUTION, ETC.
Date of publication, distribution, etc. 2009
300 ## - PHYSICAL DESCRIPTION
Extent 619
300 ## - PHYSICAL DESCRIPTION
Other physical details tbl., graf.
500 ## - GENERAL NOTE
General note 1 ejemplar
650 ## - SUBJECT ADDED ENTRY--TOPICAL TERM
Topical term or geographic name entry element ALEACIONES
650 ## - SUBJECT ADDED ENTRY--TOPICAL TERM
Topical term or geographic name entry element CORROSION DE MATERIALES
650 ## - SUBJECT ADDED ENTRY--TOPICAL TERM
Topical term or geographic name entry element DEGRADACION DE MATERIALES
650 ## - SUBJECT ADDED ENTRY--TOPICAL TERM
Topical term or geographic name entry element MATERIALES METALICOS
650 ## - SUBJECT ADDED ENTRY--TOPICAL TERM
Topical term or geographic name entry element MATERIALES NO METALICOS
650 ## - SUBJECT ADDED ENTRY--TOPICAL TERM
Topical term or geographic name entry element SERVICIO DE MATERIALES
650 ## - SUBJECT ADDED ENTRY--TOPICAL TERM
Topical term or geographic name entry element TECNOLOGIA DE MATERIALES
650 ## - SUBJECT ADDED ENTRY--TOPICAL TERM
Topical term or geographic name entry element UNION DE MATERIALES
942 ## - ADDED ENTRY ELEMENTS (KOHA)
Koha item type Libros
Existencias
Fecha de la última vez que lo usaron Pago total Signatura topográfica completa Código de barras Precio efectivo desde Tipo de documento Estado perdido Estado dañado No es para préstamo Retirado Ubicación permanente Ubicación actual Fecha de adquisición
15/05/2020   620.173/P91 Bib-Lima15050806 15/05/2020 Libros         Biblioteca Central Lima Biblioteca Central Lima 15/05/2020